000 00568nam a2200193 a 4500
001 3269
003 CDMR
005 20131204165225.0
008 130130s1970||||||||||||||||||||||||||||d
040 _aCDMR
_bcat
_cCDMR
100 1 _aStewart, Daniel
_92368
245 1 0 _aPsicología de la comunicación
_b: teoría y análisis
_cDaniel K. Stewart
260 _aBuenos Aires
_c1970
_bPaidós
300 _a242 p.
490 0 _aBiblioteca del Hombre Contemporáneo
_v219
650 0 4 _92367
_aComunicació
_xAspectes psicològics
650 0 4 _94376
_aSímbols
942 _cMON
_2udc
999 _c3269
_d3269